| 000 | 00592nam a22002057a 4500 | ||
|---|---|---|---|
| 999 |
_c30865 _d30864 |
||
| 003 | OSt | ||
| 005 | 20210126105119.0 | ||
| 008 | 180907b ||||| |||| 00| 0 eng d | ||
| 020 | _a9780757566202 | ||
| 040 |
_aMMU _beng _eMMU _cMMU _dMMU |
||
| 050 | 0 | 0 | _aZ 678.9 E97I52 2009 |
| 100 | 1 | _aD'Elia, MJ. | |
| 245 | 1 | 0 |
_aExploring the edges of the INFORMATION AGE / _cMJ D'Elia. |
| 260 |
_aUnited state of America: _bKendall Hunt, _c2009. |
||
| 300 | _axviii, 275 p. : | ||
| 500 | _aIncludes bibliographical references | ||
| 504 | _a | ||
| 650 | 0 | _aInformation age. | |
| 942 |
_2lcc _cLOAN LOAN |
||